000 00256nam a2200097Ia 4500
001 647309
005 20250826153700.0
008 250824s9999 xx 000 0 und d
245 0 _aDOĞANIN BİR YILI NİSAN
_cRUTH SYMONS
260 _bTÜBİTAK POPÜLER BİLİM
999 _c647309
_d647309